000 00871cam a2200289 4500
008 090401t1998 xxu||||| |||| 00| 0 eng d
020 _a0727726358
035 _a(Sirsi) u88702
041 _aeng
050 _a624.08
110 _aInstitution of Civil Engineers
_91402
245 _aGuidance notes and flow charts for the professional services contract : an NEC document
250 _a2nd ed.
260 _aLondon
_bThomas Telford
_c1998
300 _a143p. ; 30cm.
350 _a15
650 _aBUILT ENVIRONMENT-BUILDING CONTRACT FORMS
650 _aCIVIL ENGINEERING CONTRACTS
650 _aCONSULTANTS
650 _aENGINEERING CONTRACTS
650 _aFLOW CHARTS
650 _aNEW ENGINEERING CONTRACT
650 _aPROFESSIONAL SERVICES CONTRACT
690 _aBUILT ENVIRONMENT-BUILDING CONTRACT FORMS
942 _n0
948 _c29/09/1998
999 _c97373
_d97373